| Tag |
First Indicator |
Second Indicator |
Subfields |
| LEADER |
00000cam a2200000 a 4500 |
| 001 |
in00001511221 |
| 005 |
20151021103606.0 |
| 008 |
990805s1999 si a b 001 0 eng d |
| 015 |
|
|
|a GB99-W4468
|
| 020 |
|
|
|a 9810222688
|
| 035 |
|
|
|a (OCoLC)42038451
|
| 035 |
|
|
|9 AJL2612AM
|
| 040 |
|
|
|a UKM
|c UKM
|d C#P
|d TXA
|d UtOrBLW
|
| 049 |
|
|
|a TXAM
|
| 050 |
|
4 |
|a QH607
|b .G673 1999
|
| 082 |
0 |
4 |
|a 571.835
|2 21
|
| 100 |
1 |
|
|a Gordon, Richard.
|
| 245 |
1 |
4 |
|a The hierarchical genome and differentiation waves :
|b novel unification of development, genetics and evolution /
|c Richard Gordon.
|
| 264 |
|
1 |
|a Singapore ;
|a River Edge, NJ :
|b World Scientific ;
|a London :
|b Imperial College Press,
|c [1999]
|
| 264 |
|
4 |
|c ©1999
|
| 300 |
|
|
|a 2 volumes :
|b illustrations ;
|c 23 cm.
|
| 336 |
|
|
|a text
|b txt
|2 rdacontent
|
| 337 |
|
|
|a unmediated
|b n
|2 rdamedia
|
| 338 |
|
|
|a volume
|b nc
|2 rdacarrier
|
| 490 |
1 |
|
|a Series in mathematical biology and medicine ;
|v vol. 3
|
| 504 |
|
|
|a Includes bibliographical references and indexes.
|
| 650 |
|
0 |
|a Cell differentiation.
|
| 650 |
|
4 |
|a Cell differentiation.
|
| 830 |
|
0 |
|a Series in mathematical biology and medicine ;
|v vol. 3.
|
| 948 |
|
|
|a c:jlg
|
| 999 |
|
|
|a MARS
|
| 999 |
f |
f |
|s 2b95f4e6-6f7e-3e63-bf0c-365492df26bf
|i aa8b906c-e541-3173-be71-5b637482766c
|t 0
|
| 952 |
f |
f |
|p ric
|a Texas A&M University
|b Rellis Campus
|c Joint Library Facility
|d Remote Storage
|t 0
|e QH607 .G673 1999
|h Library of Congress classification
|i unmediated -- volume
|k v.1
|m A14825329060
|
| 952 |
f |
f |
|p ric
|a Texas A&M University
|b Rellis Campus
|c Joint Library Facility
|d Remote Storage
|t 0
|e QH607 .G673 1999
|h Library of Congress classification
|i unmediated -- volume
|k v.2
|m A14825328909
|
| 998 |
f |
f |
|a QH607 .G673 1999
|s v.1-v.2
|t 0
|l Remote Storage
|